Statistics for いらすとやの日本の武将のイラスト

Click here to take the quiz!

General Stats

  • This quiz has been taken 49 times
  • The average score is 7 of 20

Answer Stats

Answer% Correct
徳川家康
100%
豊臣秀吉
100%
織田信長
100%
伊達政宗
95%
上杉謙信
88%
毛利元就
63%
石田三成
32%
斎藤道三
32%
本多忠勝
27%
黒田官兵衛
24%
柴田勝家
17%
真田昌幸
15%
龍造寺隆信
10%
加藤清正
5%
藤堂高虎
5%
明智光秀
5%
後藤又兵衛
2%
足利義輝
0%
母里友信
0%
服部半蔵
0%

Score Distribution

Percentile by Number Answered

Percent of People with Each Score

Your Score History

You have not taken this quiz